000
00306nam a2200133Ia 4500
001
10740
008
140331s9999 xx 000 0 und d
040
_c
PK-LaUMT
082
_a
220
_b
FAM-
245
4
_a
The family worship Bible : New international version
260
_c
1991
546
_a
EN
942
_c
BK
999
_c
11700
_d
11700